| 000 | 00000nam 2200000zi 4500 |
| 001 | 9.946498 |
| 003 | CaOODSP |
| 005 | 20250103100640 |
| 006 | m o d f |
| 007 | cr mn||||||||| |
| 008 | 250103t20072007qucab ob f000 0 fre d |
| 020 | |a9780660972046 |q(imprimé) |
| 040 | |aCaOODSP|bfre|erda|cCaOODSP |
| 041 | 1 |afre|aspa |
| 043 | |an-cn-nf|aln----- |
| 045 | |at-t- |
| 086 | 1 |aR62-389/2007F-PDF |
| 086 | 1 |aR62-389/2007F |
| 245 | 02|aL'archéologie subaquatique de Red Bay : |bla construction navale et la pêche de la baleine basques au XVIe siècle / |céditeurs, Robert Grenier, Marc-André Bernier, Willis Stevens. |
| 264 | 1|a[Gatineau, Québec] : |bParcs Canada = Parks Canada, |c2007. |
| 264 | 4|c©2007 |
| 300 | |a1 ressource en ligne (5 volumes) : |billustrations (certaines en couleur), cartes |
| 336 | |atexte|btxt|2rdacontent/fre |
| 337 | |ainformatique|bc|2rdamedia/fre |
| 338 | |aressource en ligne|bcr|2rdacarrier/fre |
| 500 | |aPublié aussi en anglais sous le titre : The underwater archaeology of Red Bay: Basque shipbuilding and whaling in the 16th century. |
| 500 | |aÉdition numérisée de l'imprimé. |
| 504 | |aComprend des références bibliographiques. |
| 505 | 0 |avol. 1. L'archéologie subaquatique : le projet -- vol. 2. La culture matérielle -- vol. 3. La carène du navire 24m -- vol. 4. Le gréement, l'utilisation du navire et les études connexes -- vol. 5. Annexes, glossaire et bibliographie. |
| 520 | |a« En 1978, des archéologues subaquatiques de Parc Canada découvrirent l'épave d'un baleinier basque du XVIe siècle à Red Bay, au Labrador, que l'on croit être le San Juan (1565). Cette publication en cinq volumes est le fruit de plus de 25 années de recherches par des chercheurs associés et des membres du Service d'archéologie subaquatique de Parcs Canada. Elle présente l'archéologie subaquatique tell que pratiquée à Red Bay, de même que des études sur la construction navale au XVIe siècle, la pêche de la baleine et la culture matérielle » -- Fourni par Parcs Canada. |
| 546 | |aTexte principalement en français; comprend du texte en espagnol. |
| 650 | 6|aFouilles (Archéologie)|zTerre-Neuve-et-Labrador|zRed Bay. |
| 650 | 6|aArchéologie sous-marine|zTerre-Neuve-et-Labrador|zRed Bay. |
| 650 | 6|aBaleiniers|zTerre-Neuve-et-Labrador|zRed Bay|xHistoire|y16e siècle. |
| 650 | 6|aConstruction navale|zTerre-Neuve-et-Labrador|zRed Bay|xHistoire|y16e siècle. |
| 650 | 6|aBaleines|xChasse|zTerre-Neuve-et-Labrador|zRed Bay|xHistoire|y16e siècle. |
| 650 | 6|aBasques|zTerre-Neuve-et-Labrador|zRed Bay. |
| 651 | 6|aRed Bay (T.-N.-L.)|xAntiquités. |
| 651 | 6|aTerre-Neuve-et-Labrador|xAntiquités. |
| 700 | 1 |aGrenier, Robert, |d1937- |eéditeur intellectuel. |
| 700 | 1 |aBernier, Marc-André, |d1963- |eéditeur intellectuel. |
| 700 | 1 |aStevens, Willis, |eéditeur intellectuel. |
| 710 | 2 |aParcs Canada, |eorganisme de publication. |
| 775 | 08|tThe underwater archaeology of Red Bay : |w(CaOODSP)9.946496 |
| 776 | 0#|tL'archéologie subaquatique de Red Bay : |w(CaOODSP)9.683415 |
| 856 | 40|qPDF|s165.00 Mo|uhttps://publications.gc.ca/collections/collection_2025/pc/R62-389-2007-1-fra.pdf|z(vol. 1) |
| 856 | 40|qPDF|s124.00 Mo|uhttps://publications.gc.ca/collections/collection_2025/pc/R62-389-2007-2-fra.pdf|z(vol. 2) |
| 856 | 40|qPDF|s210.00 Mo|uhttps://publications.gc.ca/collections/collection_2025/pc/R62-389-2007-3-fra.pdf|z(vol. 3) |
| 856 | 40|qPDF|s239.00 Mo|uhttps://publications.gc.ca/collections/collection_2025/pc/R62-389-2007-4-fra.pdf|z(vol. 4) |
| 856 | 40|qPDF|s212.00 Mo|uhttps://publications.gc.ca/collections/collection_2025/pc/R62-389-2007-5-fra.pdf|z(vol. 5) |